000 01034nam a2200301Ia 4500
001 11835
003 IT-RoPAU
008 130308s9999 xx 000 0 und d
040 _aIT-RoPAU
040 _cIT-RoPAU
041 _aFRANCESE
100 _aFry B.
100 _gCodice Aut. SPICS: 10345
245 _aMode de perception des sons du langage
245 _bPhonetique et Phonation
250 _a1a ed.
260 _aPARIS
260 _bMasson
260 _c1966 [1° Ed.:1966 - Ed.Ling.Originale:1966]
300 _a"16 p. (prefazione: no ; testo: 16 [pagine: 191-206])"
500 _aPercezione del Suono del Linguaggio Dimensioni fisiche e psicologiche Natura degli Indici Acustici della Parola Natura Categoriale della Percezione dei Suoni del Linguaggio Influenza dell'apprendimento Sulla Percezione della Parola ruolo delle Abitudini Motrici nella Percezione della Parola
650 _aLINGUISTICA
650 _eCodice materia Spics: 3201
942 _cBK
957 _71
999 _c39400
_d39400
999 _bSI
999 _g1